000 01317nam0a22002651 4500
001 v19\rc\1497478
005 20070620154544.7
035 _a(NLR Aleph) 005211728
090 _a5415584
_c5415584
100 _a20060620d1894 |||y0rusy50 ca
101 0 _arus
102 _aRU
105 _aa j |||||
200 1 _aКраткий курс естественной истории
_eОписание человеч. тела с гигиен. указаниями. Общ. обзор живот., растит. и минер. царства и крат. сведения из анатомии и физиологии растений. Курс 3-го года
_fСост. согласно с утв. г. министром нар. прос. учеб. прогр. для гор. уч-щ М. Варавва, преп. Моск. учит. ин-та
205 _a4-е изд., испр.
210 _aМосква
_cтип. Э. Лисснера и Ю. Романа
_d1894
215 _aVIII, 184 с.
_cил.
_d21
700 1 _aВаравва
_bМ. П.
_f1841-1918
_gМихаил Петрович
801 0 _aRU
_bNLR
_c20060620
_gpsbo
801 0 _aRU
_bRuMoRGB
_c20060620
_2psbo
801 1 _aRU
_bProSoft-M
_c20060620
_2rusmarc
801 2 _aRU
_bNLR
_c20070620
_2rusmarc
852 _aNLR
_j18.293.3.14
942 _cBOOK
980 _aNB